00546nam a2200169 a 45000010005000000030009000050080041000140200015000550400028000700820018000981000013001162450115001292600038002443000011002825050036002936500047003298053CO-ViMGA141112s2004 ck r 000 u spa d a8428324018 aCO-ViMGAbspacCO-ViMGA04a614.853 M165m1 aMaplin, 10aMontajes de seguridad para el hogar : bUna recopilación de ideas sobre dispositivos de seguridad domesticos aMadríd (E), cParaninfo, c1997 a164.p. aAlarmas Cerraduras Miscelánea14aSEGURIDAD DOMESTICA - EQUIPOS Y ACCESORIOS